| 000 | 00342nam a2200145Ia 4500 | ||
|---|---|---|---|
| 008 | 230917s9999||||xx |||||||||||||| ||und|| | ||
| 040 |
_e248077 _aMAIN |
||
| 041 | _aEnglish | ||
| 082 | _a910.133313 P939L | ||
| 100 | _aPriyanka Kumari | ||
| 245 | 0 | _aLand acquisition in Rewari district | |
| 260 | _c2013 | ||
| 300 | _a64 p. | ||
| 942 | _cTH | ||
| 999 |
_c127325 _d127325 |
||